[Event "Verbandsliga Sued Baden 1112"]
[Site "Germany"]
[Date "2012.02.12"]
[Round "6.3"]
[White "Schwierskott, Marc"]
[Black "Schlupp, Olivier"]
[Result "1-0"]
[WhiteElo "2234"]
[BlackElo "2134"]
[PlyCount "55"]
[EventDate "2011.10.09"]
[EventType "team-tourn"]
[EventRounds "9"]
[EventCountry "GER"]
[SourceTitle "EXT 2013"]
[Source "ChessBase"]
[SourceDate "2012.11.22"]
[SourceVersion "1"]
[SourceVersionDate "2012.11.22"]
[SourceQuality "1"]
[WhiteTeam "Brombach"]
[BlackTeam "Lahr"]
[WhiteTeamCountry "GER"]
[BlackTeamCountry "GER"]

1. c4 e5 2. Nc3 Nf6 3. Nf3 Nc6 4. e3 Be7 5. d4 exd4 6. Nxd4 Nxd4 7. Qxd4 d6 8. b3 Be6 9. Bb2 c6 10. Be2 Qa5 11. a3 0-0 12. b4 Qe5 13. Qd2 Ne4 14. Nxe4 Qxe4 15. Bd3 Qh4 16. g3 Qh5 17. f4 Rfe8 18. 0-0 Bh3 19. Rf2 d5 20. Be2 Qh6 21. cxd5 cxd5 22. Qxd5 Bf6 23. Bf3 Bxb2 24. Rxb2 Qb6 25. Qc5 Rxe3 26. Bxb7 Qe6 27. Bd5 Qe8 28. Kf2 1-0

[Event "FRA-chT2 East 0708"]
[Site "France"]
[Date "2008.02.10"]
[Round "7.2"]
[White "Schlupp, Olivier"]
[Black "Genzling, Alain"]
[Result "0-1"]
[WhiteElo "2142"]
[BlackElo "2264"]
[PlyCount "114"]
[EventDate "2007.10.21"]
[EventType "team-tourn"]
[EventRounds "11"]
[EventCountry "FRA"]
[SourceTitle "EXT 2009"]
[Source "ChessBase"]
[SourceDate "2008.11.26"]
[SourceVersion "1"]
[SourceVersionDate "2008.11.26"]
[SourceQuality "1"]
[WhiteTeam "Saverne"]
[BlackTeam "Bischwiller II"]
[WhiteTeamCountry "FRA"]
[BlackTeamCountry "FRA"]

1. e4 c5 2. Nc3 Nc6 3. g3 g6 4. Bg2 Bg7 5. d3 d6 6. Be3 e6 7. Qd2 Nge7 8. Bh6 0-0 9. h4 f6 10. Bxg7 Kxg7 11. h5 g5 12. h6+ Kh8 13. f4 g4 14. 0-0-0 Qa5 15. Rh4 Rg8 16. Kb1 Nd4 17. f5 e5 18. Rf1 Nb5 19. Nge2 d5 20. Qd1 d4 21. Nxb5 Qxb5 22. Nc1 Bd7 23. Rxg4 Rxg4 24. Qxg4 Rg8 25. Qh4 Rg5 26. Nb3 c4 27. dxc4 Qxc4 28. Nc1 Qf7 29. Bf3 Bb5 30. Rd1 Nc6 31. g4 Kg8 32. Qf2 Qf8 33. Rh1 Nd8 34. Qd2 Nf7 35. Rh4 b6 36. Nd3 a5 37. Rh1 Kh8 38. Bd1 Rg8 39. Nf2 Ng5 40. Be2 Bc6 41. Bd3 Qa8 42. Qe2 b5 43. Rc1 b4 44. Ka1 Rc8 45. Re1 a4 46. Nh1 a3 47. b3 Qa5 48. Ng3 Qc5 49. Bc4 Bb5 50. Nh5 Rc6 51. Kb1 Bxc4 52. bxc4 Kg8 53. Qd2 Nf3 54. Qc1 Qxc4 55. Nxf6+ Rxf6 56. Rg1 d3 57. Rg3 d2 0-1

[Event "FRA-chT2 East 0708"]
[Site "France"]
[Date "2008.01.20"]
[Round "6.1"]
[White "Schlupp, Olivier"]
[Black "Foisor, Ovidiu Doru"]
[Result "0-1"]
[WhiteElo "2142"]
[BlackElo "2401"]
[PlyCount "63"]
[EventDate "2007.10.21"]
[EventType "team-tourn"]
[EventRounds "11"]
[EventCountry "FRA"]
[SourceTitle "EXT 2009"]
[Source "ChessBase"]
[SourceDate "2008.11.26"]
[SourceVersion "1"]
[SourceVersionDate "2008.11.26"]
[SourceQuality "1"]
[WhiteTeam "Saverne"]
[BlackTeam "Grenoble"]
[WhiteTeamCountry "FRA"]
[BlackTeamCountry "FRA"]

1. e4 c6 2. c4 g6 3. Nf3 Bg7 4. Nc3 d6 5. d4 a6 6. a4 a5 7. Be2 Na6 8. 0-0 Bg4 9. Be3 Nf6 10. Qb3 Qc7 11. h3 Bxf3 12. Bxf3 0-0 13. Rac1 Nd7 14. Rfd1 e5 15. c5 exd4 16. cxd6 Qxd6 17. Ne2 c5 18. Bf4 Be5 19. Qb5 b6 20. Bh6 Rfd8 21. Bg4 Nf6 22. f4 Nxg4 23. hxg4 Bh8 24. e5 Qe6 25. g5 Nb4 26. Ng3 Qg4 27. Ne4 Qxf4 28. Nf6+ Bxf6 29. exf6 d3 30. Qxb6 d2 31. Rc3 Nd3 32. Rc2 0-1

[Event "FRA-chT2 East 0708"]
[Site "France"]
[Date "2008.01.19"]
[Round "5.1"]
[White "Schlupp, Olivier"]
[Black "Janev, Evgeni"]
[Result "0-1"]
[WhiteElo "2142"]
[BlackElo "2485"]
[PlyCount "40"]
[EventDate "2007.10.21"]
[EventType "team-tourn"]
[EventRounds "11"]
[EventCountry "FRA"]
[SourceTitle "EXT 2009"]
[Source "ChessBase"]
[SourceDate "2008.11.26"]
[SourceVersion "1"]
[SourceVersionDate "2008.11.26"]
[SourceQuality "1"]
[WhiteTeam "Saverne"]
[BlackTeam "Montrevel en Bresse"]
[WhiteTeamCountry "FRA"]
[BlackTeamCountry "FRA"]

1. e4 e5 2. Nf3 Nc6 3. Bc4 Bc5 4. d3 Nf6 5. Bb3 d5 6. exd5 Nxd5 7. 0-0 Bg4 8. Re1 0-0 9. h3 Bh5 10. g4 Bg6 11. Nxe5 Qh4 12. Qf3 Rae8 13. Bxd5 Nxe5 14. Rxe5 Rxe5 15. Nc3 c6 16. Bb3 Re1+ 17. Kg2 Rfe8 18. Ne4 R8xe4 19. Bxf7+ Bxf7 20. dxe4 Rxe4 0-1

[Event "Oberliga Sued W 0506"]
[Site "Germany"]
[Date "2006.02.19"]
[Round "7.8"]
[White "Schlupp, Olivier"]
[Black "Daub, Markus"]
[Result "1/2-1/2"]
[WhiteElo "2101"]
[BlackElo "2019"]
[PlyCount "93"]
[EventDate "2005.10.23"]
[EventType "team-tourn"]
[EventRounds "9"]
[EventCountry "GER"]
[SourceTitle "EXT 2007"]
[Source "ChessBase"]
[SourceDate "2006.11.23"]
[SourceVersion "1"]
[SourceVersionDate "2006.11.23"]
[SourceQuality "1"]
[WhiteTeam "Schott Mainz"]
[BlackTeam "Illingen"]
[WhiteTeamCountry "GER"]
[BlackTeamCountry "GER"]

1. e4 e5 2. Nf3 Nc6 3. Bb5 f5 4. d3 fxe4 5. dxe4 Nf6 6. Bg5 Be7 7. Nbd2 0-0 8. 0-0 d6 9. Bc4+ Kh8 10. h3 Nh5 11. Be3 Nf4 12. Bxf4 Rxf4 13. c3 Qe8 14. Kh2 Bd7 15. g3 Rf8 16. Ng1 Bg5 17. Ndf3 Bf6 18. b4 Ne7 19. Nd2 c6 20. Be2 d5 21. Bg4 Rd8 22. Bxd7 Qxd7 23. Nb3 b6 24. Qe2 Qc7 25. Rad1 Ng6 26. Kg2 Be7 27. Nf3 Rf7 28. h4 Bxh4 29. Nxh4 Nxh4+ 30. gxh4 Rf4 31. f3 Qe7 32. Rh1 Rdf8 33. Nd2 Rxh4 34. Rxh4 Qxh4 35. Qf2 Qg5+ 36. Qg3 Qe3 37. Qf2 Qxc3 38. b5 d4 39. bxc6 Qxc6 40. Qe2 Qc2 41. a3 b5 42. Rb1 a6 43. Qd1 Rc8 44. Kg3 Qc5 45. Qb3 Qe7 46. Qb4 Qg5+ 47. Kh3 1/2-1/2

[Event "FRA-chT2"]
[Site "France"]
[Date "2002.03.??"]
[Round "11"]
[White "Gaston, Serge"]
[Black "Schlupp, Olivier"]
[Result "1-0"]
[WhiteElo "2274"]
[BlackElo "2289"]
[PlyCount "57"]
[EventDate "2002.??.??"]
[EventType "team-tourn"]
[EventRounds "11"]
[EventCountry "FRA"]
[SourceTitle "EXT 2003"]
[Source "ChessBase"]
[SourceDate "2002.11.25"]
[SourceVersion "1"]
[SourceVersionDate "2002.11.25"]
[SourceQuality "1"]

1. e4 c5 2. Nf3 d6 3. d4 cxd4 4. Nxd4 Nf6 5. Nc3 g6 6. Be3 Bg7 7. f3 Nc6 8. Qd2 Bd7 9. 0-0-0 h5 10. Kb1 Rc8 11. h3 Qa5 12. Nb3 Qc7 13. f4 0-0 14. Bd3 Nb4 15. g4 hxg4 16. e5 dxe5 17. fxe5 Nfd5 18. Nxd5 Nxd5 19. Bd4 Bxe5 20. hxg4 Bxd4 21. Qh6 Rfd8 22. Nxd4 Qe5 23. Bxg6 Qg7 24. Bxf7+ Kxf7 25. Qh5+ Kg8 26. Qxd5+ e6 27. Nxe6 Bc6 28. Qxd8+ Rxd8 29. Rxd8+ 1-0

[Event "FRA-chT2"]
[Site "France"]
[Date "2002.03.??"]
[Round "8"]
[White "Schlupp, Olivier"]
[Black "Schneider, Heiko"]
[Result "0-1"]
[WhiteElo "2153"]
[BlackElo "2229"]
[PlyCount "70"]
[EventDate "2002.??.??"]
[EventType "team-tourn"]
[EventRounds "11"]
[EventCountry "FRA"]
[SourceTitle "EXT 2003"]
[Source "ChessBase"]
[SourceDate "2002.11.25"]
[SourceVersion "1"]
[SourceVersionDate "2002.11.25"]
[SourceQuality "1"]

1. e4 c5 2. Nc3 Nc6 3. g3 e6 4. Bg2 Nf6 5. Nge2 Be7 6. 0-0 0-0 7. d4 cxd4 8. Nxd4 a6 9. Re1 Qc7 10. Be3 d6 11. Qe2 Na5 12. Rad1 Rb8 13. g4 b5 14. g5 Ne8 15. Qh5 Nc4 16. Bc1 b4 17. Nce2 g6 18. Qh6 e5 19. Nf3 Ng7 20. b3 Nb6 21. Bb2 Nh5 22. Ng3 Bg4 23. h3 Bxf3 24. Bxf3 Nf4 25. Nf5 gxf5 26. exf5 Rfe8 27. Be4 Bf8 28. Qh4 d5 29. Bf3 d4 30. Be4 Nbd5 31. Qg4 Nc3 32. Bxc3 Qxc3 33. g6 hxg6 34. fxg6 fxg6 35. Bxg6 Re7 0-1

[Event "FRA-ch op-A"]
[Site "Marseille"]
[Date "2001.08.18"]
[Round "5"]
[White "Guez, Fabien"]
[Black "Schlupp, Olivier"]
[Result "1-0"]
[WhiteElo "2126"]
[BlackElo "2145"]
[PlyCount "83"]
[EventDate "2001.08.13"]
[EventType "swiss"]
[EventRounds "11"]
[EventCountry "FRA"]
[SourceTitle "EXT 2002"]
[Source "ChessBase"]
[SourceDate "2001.11.25"]
[SourceVersion "1"]
[SourceVersionDate "2001.11.25"]
[SourceQuality "1"]

1. e4 c5 2. Nf3 d6 3. d4 cxd4 4. Nxd4 Nf6 5. Nc3 g6 6. Be3 Bg7 7. f3 Nc6 8. Qd2 Bd7 9. 0-0-0 Rc8 10. g4 h5 11. g5 Nh7 12. f4 Nxd4 13. Bxd4 e5 14. fxe5 Nxg5 15. e6 Nxe6 16. Bxg7 Nxg7 17. Qxd6 Ne6 18. Nd5 Ba4 19. Qxd8+ Rxd8 20. h4 0-0 21. Bh3 Bc6 22. Rhf1 Kg7 23. b4 a5 24. bxa5 Ra8 25. Bxe6 fxe6 26. Nc7 Rxf1 27. Rxf1 Rxa5 28. Nxe6+ Kh6 29. Rf8 Kh7 30. Ng5+ Kg7 31. Rf7+ Kg8 32. Rf6 Kg7 33. Rf7+ Kg8 34. Rf6 Kg7 35. Re6 Rxa2 36. Kb1 Ra5 37. Kb2 Rb5+ 38. Ka2 Kh6 39. Nf7+ Kg7 40. Nd6 g5 41. Nxb5 Bxb5 42. Re5 1-0

[Event "FRA-ch op-A"]
[Site "Vichy"]
[Date "2000.08.24"]
[Round "8"]
[White "Couche, Jean Francois"]
[Black "Schlupp, Olivier"]
[Result "0-1"]
[WhiteElo "2093"]
[BlackElo "2107"]
[PlyCount "100"]
[EventDate "2000.08.16"]
[EventType "swiss"]
[EventRounds "11"]
[EventCountry "FRA"]
[SourceTitle "EXT 2001"]
[Source "ChessBase"]
[SourceDate "2000.11.22"]
[SourceVersion "1"]
[SourceVersionDate "2000.11.22"]
[SourceQuality "1"]

1. e4 c5 2. Nf3 d6 3. d3 e5 4. Nc3 Nc6 5. Be2 Nf6 6. Bg5 Be7 7. Nd2 Nxe4 8. dxe4 Bxg5 9. Nc4 Nd4 10. a4 0-0 11. Nb5 Be7 12. c3 Nxb5 13. axb5 b6 14. Ne3 Be6 15. Ra6 Qd7 16. 0-0 Qb7 17. Qa4 Rfd8 18. Rd1 Bg5 19. Nd5 Bxd5 20. Rxd5 Qe7 21. Bc4 Bc1 22. Rd1 Bg5 23. Bd5 Rac8 24. Rxa7 Rc7 25. Ra1 Rb8 26. Rxc7 Qxc7 27. Qc4 Bd8 28. Ra6 Qe7 29. Qa2 Bc7 30. Ra7 Rc8 31. Qa6 Rb8 32. g3 g6 33. Qa2 Rc8 34. Qc4 Kg7 35. Kg2 h6 36. Qe2 h5 37. h4 Rh8 38. Qe3 Re8 39. Qf3 Rf8 40. g4 hxg4 41. Qxg4 Rh8 42. Kg3 Rh5 43. Kf3 Rxh4 44. Qc8 Qf6+ 45. Ke3 Rh2 46. Kd3 Qxf2 47. Qg4 Qf1+ 48. Ke3 Rh3+ 49. Kd2 Qd3+ 50. Ke1 Re3+ 0-1

[Event "FRA-chJM2"]
[Site "Rochefort"]
[Date "1998.??.??"]
[Round "8"]
[White "Tavenard, Ludovic"]
[Black "Schlupp, Olivier"]
[Result "1-0"]
[WhiteElo "2150"]
[BlackElo "2135"]
[PlyCount "43"]
[EventDate "1998.04.??"]
[EventType "swiss"]
[EventRounds "9"]
[EventCountry "FRA"]
[SourceTitle "EXT 2000"]
[Source "ChessBase"]
[SourceDate "1999.11.16"]
[SourceVersion "1"]
[SourceVersionDate "1999.11.16"]
[SourceQuality "1"]

1. e4 c5 2. c3 e5 3. Nf3 Nc6 4. d4 cxd4 5. cxd4 exd4 6. Nxd4 Bb4+ 7. Nc3 Qe7 8. Qd3 Bxc3+ 9. bxc3 d5 10. Nb5 Nf6 11. Ba3 Qxe4+ 12. Qxe4+ Nxe4 13. f3 a6 14. Nc7+ Kd8 15. Nxa8 Nxc3 16. Kd2 Na4 17. Rc1 Be6 18. Bxa6 Na5 19. Bb5 Bd7 20. Bxa4 Bxa4 21. Nb6 Bc6 22. Bb4 1-0

[Event "FRA-chT U18"]
[Site "France"]
[Date "1996.??.??"]
[Round "?"]
[White "Fontaine, Robert"]
[Black "Schlupp, Olivier"]
[Result "1/2-1/2"]
[WhiteElo "2300"]
[BlackElo "1820"]
[PlyCount "133"]
[EventDate "1996.??.??"]
[EventType "team-tourn"]
[EventRounds "11"]
[EventCountry "FRA"]
[SourceTitle "EXT 2004"]
[Source "ChessBase"]
[SourceDate "2003.11.25"]
[SourceVersion "1"]
[SourceVersionDate "2003.11.25"]
[SourceQuality "1"]

1. e4 c5 2. Nf3 d6 3. d4 cxd4 4. Nxd4 Nf6 5. Nc3 g6 6. Be2 Bg7 7. 0-0 Nc6 8. Nb3 0-0 9. Re1 a6 10. Bf1 b5 11. Nd5 Bb7 12. a4 Nxd5 13. exd5 Nb4 14. axb5 axb5 15. Rxa8 Bxa8 16. Bxb5 Nxd5 17. c4 Nc7 18. Qe2 Nxb5 19. cxb5 Bd5 20. Qd3 e6 21. Be3 Bxb2 22. Rb1 Be5 23. h3 Qa8 24. Qf1 Qa4 25. Nd2 Rb8 26. b6 Bd4 27. Qd3 Bxe3 28. Qxe3 Qc6 29. f3 Qc5 30. Qxc5 dxc5 31. Rb5 Kf8 32. Ne4 Bxe4 33. fxe4 Ke7 34. Rxc5 Rxb6 35. e5 Rb2 36. Kh2 Rb3 37. Ra5 Rd3 38. Ra4 Kf8 39. h4 h5 40. g3 Kg7 41. Kg2 g5 42. hxg5 Kg6 43. Ra8 Rd5 44. Rg8+ Kh7 45. Rc8 Rxe5 46. Kf3 Rf5+ 47. Ke3 Rxg5 48. Kf3 Kg6 49. Rc6 Ra5 50. Rc4 f5 51. Rc8 Ra4 52. Rg8+ Kh7 53. Rg5 Kh6 54. Rg8 Rg4 55. Rh8+ Kg6 56. Rg8+ Kf6 57. Rh8 Rg5 58. Rh6+ Ke5 59. Rh8 Kd4 60. Kf4 Rg4+ 61. Kf3 e5 62. Rxh5 e4+ 63. Kf2 e3+ 64. Kf3 Re4 65. Ke2 Re5 66. Rh4+ Kd5 67. Ra4 1/2-1/2

[Event "FRA-chT U18"]
[Site "France"]
[Date "1996.??.??"]
[Round "?"]
[White "Schlupp, Olivier"]
[Black "Abello, Sebastien"]
[Result "1-0"]
[WhiteElo "1820"]
[BlackElo "2010"]
[PlyCount "31"]
[EventDate "1996.??.??"]
[EventType "team-tourn"]
[EventRounds "11"]
[EventCountry "FRA"]
[SourceTitle "EXT 2004"]
[Source "ChessBase"]
[SourceDate "2003.11.25"]
[SourceVersion "1"]
[SourceVersionDate "2003.11.25"]
[SourceQuality "1"]

1. e4 e6 2. Nf3 d5 3. e5 c5 4. b4 cxb4 5. a3 bxa3 6. d4 Nc6 7. c3 Bd7 8. Bd3 a6 9. Ng5 Be7 10. h4 Bxg5 11. hxg5 g6 12. Rh4 Na5 13. Rxa3 Rc8 14. Qf3 h5 15. Rf4 Ne7 16. Rxf7 1-0